|
|
|
|
| LEADER |
00606nam a2200157Ia 4500 |
| 001 |
132193 |
| 008 |
170722s9999 xx 000 0 und d |
| 100 |
|
|
|a Sasidharan, Nk
|
| 245 |
|
|
|a Pakida /
|
| 260 |
|
|
|a Thrissur :
|b TCBEBF ,
|c 2000.
|
| 300 |
|
|
|a 304 p.
|
| 653 |
|
|
|a Malayalam Drama
|
| 942 |
|
|
|c GEN
|
| 999 |
|
|
|c 123223
|d 123223
|
| 952 |
|
|
|0 0
|1 0
|4 0
|6 O_323NSA55P_P0KRP01
|7 0
|8 KR
|9 174200
|a LIB
|b LIB
|d 2017-08-12
|o O32,3NSA55,P P0(KR)-P0;1
|p 242541
|r 2017-08-12
|v 125.00
|w 2017-08-12
|y GEN
|
| 952 |
|
|
|0 0
|1 0
|4 0
|6 O_323NSA55P_P0KRP01
|7 0
|9 174201
|a LIB
|b LIB
|d 2017-08-12
|o O32,3NSA55,P P0(KR)-P0;1
|p 242542
|r 2017-08-12
|v 125.00
|w 2017-08-12
|y GEN
|